Представление документа в формате RUSMARC

Поле Инд. ПП Название Значение
Тип записи a
Библиографический уровень a
001 Контрольный номер ae8efdea333f47fca10a68ced8090abf
005 Дата корректировки 20181124200607.7
100 a Данные общей обработки 20181120 ||| 0rusy0189 ca
101 0_ a Язык текста rus
102 a Страна публикации RU
200 1_ f Первые сведения об ответственности Е.В. Красноярова
a Заглавие Соглашение, согласие, согласование в трудовом праве
b Общее обозначение материала Текст
210 1_ d Дата издания 2018
461 _0 1 2000
a Вопросы трудового права
463 _0 1 2000
a № 10
v С. 21-29
1 2101
d 2018
1 0012cbddd480eaa4bcb9166a9af63669e64
606 a Основная рубрика Трудовое право
610 0_ a Ключевые слова СОЦИАЛЬНОЕ ПАРТНЕРСТВО
a Ключевые слова ТРУДОВОЙ ДОГОВОР
a Ключевые слова ТРУДОВЫЕ ПРАВООТНОШЕНИЯ
700 _1 a Фамилия Красноярова
b Имя Е.В.
801 _0 a Страна RU
b Организация РГУП
c Дата составления 20181120
g Правила каталогизации PSBO
801 _1 a Страна RU
b Организация РГУП
c Дата составления 20181120
g Правила каталогизации PSBO
901 t Тип документа b
w Контрольный № источника 2cbddd480eaa4bcb9166a9af63669e64
905 a Дата ввода 20181120